00285nam a22001097a 4500082001500000100001800015245003900033260003100072300002700103526003700130650000800167 a625.1bRAN aBangwala. S.C aPrinciples of railway engineering. aIndiabahalotor Book Stall a272 p. :bill. :c6 Cm a0b0c0d625_100000000000000_RAN aMCE